[Event "16. Obert Internacional Sant Martí 2014"]
[Site "Barcelona ESP"]
[Date "2014.07.19"]
[Round "7.20"]
[White "Smirnov, Boris"]
[Black "Palit, Somak"]
[Result "1-0"]
[WhiteElo "2145"]
[BlackElo "2411"]
[PlyCount "95"]
[EventDate "2014.07.13"]
[EventType "swiss"]
[EventRounds "9"]
[EventCountry "ESP"]
[Source "lmi"]
[SourceDate "2014.07.13"]

1. Nf3 Nf6 2. g3 g6 3. Bg2 d5 4. O-O Bg7 5. c4 dxc4 6. Qa4+ Nfd7 7. Qxc4 O-O 8.
Nc3 Nc6 9. d3 Nb6 10. Qh4 e5 11. Qxd8 Rxd8 12. Bd2 Nd4 13. Nxd4 exd4 14. Ne4
Nd5 15. Rac1 Bg4 16. Rfe1 Rab8 17. h3 Bf5 18. g4 Bc8 19. Rc4 Be5 20. Bg5 Re8
21. f4 Bg7 22. Nd6 cxd6 23. Bxd5 Be6 24. Bxe6 Rxe6 25. Bh4 d5 26. Rc7 Bf8 27.
Bg3 Bd6 28. Rd7 Rc8 29. Rxb7 a5 30. a3 Rc2 31. f5 gxf5 32. gxf5 Bxg3 33. fxe6
Bxe1 34. Rb8+ Kg7 35. e7 Rxe2 36. e8=Q Rxe8 37. Rxe8 Bd2 38. Rb8 Kf6 39. Kg2
Ke5 40. Kf3 Kd6 41. Ke2 Kc7 42. Rf8 Bc1 43. Rxf7+ Kc6 44. Rxh7 Bxb2 45. a4 Bc1
46. h4 Be3 47. h5 Kc5 48. Rb7 1-0

[Event "16. Obert Internacional Sant Martí 2014"]
[Site "Barcelona ESP"]
[Date "2014.07.19"]
[Round "7.21"]
[White "Martinez Romero, Martin"]
[Black "Larsson, Anders"]
[Result "1/2-1/2"]
[WhiteElo "2401"]
[BlackElo "2270"]
[PlyCount "80"]
[EventDate "2014.07.13"]
[EventType "swiss"]
[EventRounds "9"]
[EventCountry "ESP"]
[Source "lmi"]
[SourceDate "2014.07.13"]

1. d4 d6 2. c4 e5 3. Nf3 e4 4. Nfd2 f5 5. e3 Nf6 6. b3 g6 7. Bb2 Bg7 8. Be2 O-O
9. O-O c5 10. Na3 Nc6 11. Nc2 Bd7 12. a3 Ne7 13. a4 a5 14. Na3 Nc6 15. Nb5 Be8
16. Nb1 Nb4 17. N1c3 Bc6 18. Qd2 Qe7 19. Nd5 Nfxd5 20. cxd5 Bxd5 21. Rac1 Bxb3
22. dxc5 dxc5 23. Bxg7 Qxg7 24. Rxc5 Rad8 25. Nd4 Bf7 26. Rc7 Nc6 27. Rd1 Nxd4
28. exd4 b6 29. d5 Rd6 30. h4 Qe5 31. Qg5 Rxd5 32. Rdc1 Rc5 33. R1xc5 bxc5 34.
Ra7 c4 35. h5 c3 36. hxg6 hxg6 37. Bc4 Kg7 38. Bxf7 Rxf7 39. Ra6 Rf6 40. Ra7+
Rf7 1/2-1/2

[Event "16. Obert Internacional Sant Martí 2014"]
[Site "Barcelona ESP"]
[Date "2014.07.19"]
[Round "7.22"]
[White "Sanchez Enriquez, Oscar Gerard"]
[Black "Oms Fuentes, Lluis"]
[Result "1-0"]
[WhiteElo "2401"]
[BlackElo "2293"]
[PlyCount "59"]
[EventDate "2014.07.13"]
[EventType "swiss"]
[EventRounds "9"]
[EventCountry "ESP"]
[Source "lmi"]
[SourceDate "2014.07.13"]

1. e4 c5 2. Nf3 Nc6 3. Bb5 g6 4. Bxc6 dxc6 5. d3 Bg7 6. h3 e5 7. a4 Ne7 8. Be3
b6 9. a5 Rb8 10. Nbd2 h6 11. Nc4 Qc7 12. axb6 axb6 13. O-O Be6 14. Nfd2 g5 15.
Ra6 O-O 16. Qa1 Ng6 17. b4 cxb4 18. Bxb6 Qc8 19. Bc5 Bxh3 20. Ne3 Nf4 21. gxh3
Qxh3 22. Qd1 b3 23. Bxf8 bxc2 24. Qf3 Qxf1+ 25. Ndxf1 c1=Q 26. Bxg7 Kxg7 27.
Qg4 Qe1 28. Rxc6 Ne2+ 29. Kh1 Qxf2 30. Rc2 1-0

[Event "16. Obert Internacional Sant Martí 2014"]
[Site "Barcelona ESP"]
[Date "2014.07.19"]
[Round "7.23"]
[White "Akshat, Khamparia"]
[Black "Amigo Vilalta, Jordi"]
[Result "1-0"]
[WhiteElo "2367"]
[BlackElo "2231"]
[PlyCount "93"]
[EventDate "2014.07.13"]
[EventType "swiss"]
[EventRounds "9"]
[EventCountry "ESP"]
[Source "lmi"]
[SourceDate "2014.07.13"]

1. d4 d5 2. c4 c6 3. Nf3 Nf6 4. Qc2 dxc4 5. Qxc4 b5 6. Qd3 e6 7. g3 a6 8. Bg2
c5 9. O-O Bb7 10. a4 c4 11. Qd1 Nc6 12. Re1 Bb4 13. Nc3 O-O 14. e4 Ba5 15. e5
Nd5 16. Bd2 b4 17. Ne4 c3 18. Bg5 Qb6 19. b3 h6 20. Be3 Nce7 21. Qc2 Bc6 22. g4
Rac8 23. h4 Nxe3 24. fxe3 Bxe4 25. Qxe4 c2 26. Rac1 Rc3 27. Nd2 Qc6 28. Qxc6
Nxc6 29. Bxc6 Rxc6 30. Ne4 Rfc8 31. Re2 Bd8 32. h5 Bg5 33. Kf2 Rc3 34. Nxc3
Rxc3 35. Rcxc2 Rxb3 36. Rb2 Bxe3+ 37. Kf3 Rxb2 38. Rxb2 Bxd4 39. Rxb4 Bxe5 40.
Rc4 g6 41. hxg6 fxg6 42. Re4 Bc3 43. Rxe6 a5 44. Rxg6+ Kh7 45. Rc6 Bb4 46. Kf4
Kg7 47. Kf5 1-0

[Event "16. Obert Internacional Sant Martí 2014"]
[Site "Barcelona ESP"]
[Date "2014.07.19"]
[Round "7.24"]
[White "Lindh, Fredrik"]
[Black "Perpinya Rofes, Lluis Maria"]
[Result "0-1"]
[WhiteElo "2205"]
[BlackElo "2400"]
[PlyCount "132"]
[EventDate "2014.07.13"]
[EventType "swiss"]
[EventRounds "9"]
[EventCountry "ESP"]
[Source "lmi"]
[SourceDate "2014.07.13"]

1. e4 c5 2. Nf3 Nc6 3. d4 cxd4 4. Nxd4 e6 5. Nc3 Nf6 6. Ndb5 Bc5 7. Bf4 O-O 8.
Bc7 Qe7 9. Bd6 Bxd6 10. Qxd6 Qd8 11. Bd3 Ne8 12. Qg3 d6 13. a4 a6 14. Na3 d5
15. exd5 exd5 16. O-O Nf6 17. Qh4 Be6 18. b4 Qb6 19. b5 Ne5 20. Rfb1 a5 21. Ne2
Bg4 22. Re1 Nxd3 23. cxd3 Rfe8 24. Ng3 Rxe1+ 25. Rxe1 Qc5 26. Nb1 Qb4 27. Rf1
Re8 28. h3 Re1 29. hxg4 Rxb1 30. Qg5 Rxf1+ 31. Nxf1 Qxa4 32. Qe5 Qxb5 33. g5
Qe8 34. Qc3 Nh5 35. Qxa5 Nf4 36. g3 Nh3+ 37. Kg2 Nxg5 38. Qxd5 Qc6 39. Qxc6
bxc6 40. f4 Ne6 41. Ne3 Nd4 42. Nc4 f6 43. Kf2 Kf7 44. g4 Ke6 45. Ke3 Nb5 46.
f5+ Kd5 47. Nb6+ Kd6 48. Nc4+ Kc5 49. Nd2 Nd6 50. Nb3+ Kd5 51. Nd4 h5 52. Ne6
hxg4 53. Nxg7 Ke5 54. d4+ Kd5 55. Kf4 Kxd4 56. Ne6+ Kd5 57. Nc7+ Kd4 58. Ne6+
Kd3 59. Kxg4 Ne4 60. Kf4 c5 61. Nc7 c4 62. Nd5 c3 63. Nb4+ Kc4 64. Nc2 Nd6 65.
Ne3+ Kd3 66. Nd5 c2 0-1

[Event "16. Obert Internacional Sant Martí 2014"]
[Site "Barcelona ESP"]
[Date "2014.07.19"]
[Round "7.25"]
[White "Sanchez, Sebastian Felipe"]
[Black "Juan Bartroli, Pau"]
[Result "1-0"]
[WhiteElo "2375"]
[BlackElo "2179"]
[PlyCount "79"]
[EventDate "2014.07.13"]
[EventType "swiss"]
[EventRounds "9"]
[EventCountry "ESP"]
[Source "lmi"]
[SourceDate "2014.07.13"]

1. e4 c6 2. d4 d5 3. Nd2 dxe4 4. Nxe4 Bf5 5. Ng3 Bg6 6. Bc4 e6 7. N1e2 Nf6 8.
h4 h6 9. Nf4 Bh7 10. c3 Bd6 11. Ngh5 O-O 12. g4 Nd5 13. Qf3 Nd7 14. g5 e5 15.
Nxd5 cxd5 16. Bxd5 exd4 17. cxd4 Qa5+ 18. Kf1 Rae8 19. gxh6 Bd3+ 20. Kg2 g6 21.
Bf4 Be2 22. Qb3 gxh5 23. Bxd6 Kh8 24. Bxf8 Rxf8 25. Rh3 Nf6 26. Bf3 Rg8+ 27.
Rg3 Rxg3+ 28. fxg3 Qd2 29. Qc3 Bxf3+ 30. Kxf3 Qxh6 31. d5 Qg6 32. Qd4 Kh7 33.
Re1 Qf5+ 34. Kg2 Qc2+ 35. Qf2 Qg6 36. Rf1 Kg7 37. Qxf6+ Qxf6 38. Rxf6 Kxf6 39.
g4 hxg4 40. h5 1-0

[Event "16. Obert Internacional Sant Martí 2014"]
[Site "Barcelona ESP"]
[Date "2014.07.19"]
[Round "7.26"]
[White "Bru Rullo, Llatzer"]
[Black "Cruz Lledo, Pablo"]
[Result "1-0"]
[WhiteElo "2152"]
[BlackElo "2373"]
[PlyCount "55"]
[EventDate "2014.07.13"]
[EventType "swiss"]
[EventRounds "9"]
[EventCountry "ESP"]
[Source "lmi"]
[SourceDate "2014.07.13"]

1. e4 c6 2. d4 d5 3. Nc3 dxe4 4. Nxe4 Nf6 5. Nxf6+ gxf6 6. Bf4 h5 7. c3 Nd7 8.
Nf3 Nb6 9. Be2 Nd5 10. Bd2 h4 11. c4 Nc7 12. Qc2 h3 13. g3 Bg4 14. Be3 Qd7 15.
O-O-O e6 16. Ne5 fxe5 17. dxe5 Nd5 18. Bxg4 Nxe3 19. fxe3 Qc7 20. Qe4 Rd8 21.
Bxe6 Rxd1+ 22. Rxd1 Bg7 23. Bd7+ Kf8 24. Bg4 Rh6 25. Qf4 Qb6 26. Rd7 f6 27.
exf6 Rxf6 28. Qb8+ 1-0

[Event "16. Obert Internacional Sant Martí 2014"]
[Site "Barcelona ESP"]
[Date "2014.07.19"]
[Round "7.27"]
[White "Kholopov, Alexander A"]
[Black "Guix Torres, David"]
[Result "1-0"]
[WhiteElo "2339"]
[BlackElo "2045"]
[PlyCount "121"]
[EventDate "2014.07.13"]
[EventType "swiss"]
[EventRounds "9"]
[EventCountry "ESP"]
[Source "lmi"]
[SourceDate "2014.07.13"]

1. d4 Nf6 2. Nf3 c5 3. d5 b5 4. Bg5 Ne4 5. Bh4 Bb7 6. Qd3 Qa5+ 7. c3 f5 8. Nfd2
Na6 9. f3 Nxd2 10. Nxd2 e6 11. e4 c4 12. Qd4 Qb6 13. Qxb6 axb6 14. dxe6 dxe6
15. b3 Bc6 16. O-O-O fxe4 17. Nxe4 Bxe4 18. fxe4 Nc5 19. Kb2 Nxe4 20. Re1 Nd6
21. Rxe6+ Kd7 22. Re1 Re8 23. Be2 h5 24. Bf3 Rxe1 25. Rxe1 g6 26. Bf6 Rh7 27.
Bd5 Ne8 28. Bd4 Bc5 29. Bxc5 bxc5 30. bxc4 bxc4 31. Bxc4 Nd6 32. Bd5 Rh8 33.
Re6 g5 34. Rg6 g4 35. Rg7+ Kc8 36. a4 Rh6 37. Kb3 Rf6 38. a5 Nf5 39. Rh7 Ne3
40. Rxh5 Nxd5 41. Rxd5 Rf2 42. Rxc5+ Kb7 43. g3 Rxh2 44. Rg5 Ka6 45. Kb4 Rb2+
46. Kc4 Rg2 47. Rxg4 Kxa5 48. Kc5 Ka6 49. Rg8 Kb7 50. g4 Kc7 51. Rg7+ Kd8 52.
c4 Ke8 53. Kc6 Kf8 54. Rg5 Kf7 55. c5 Kf6 56. Rf5+ Ke6 57. Rf1 Rxg4 58. Re1+
Kf7 59. Kc7 Rg7 60. c6 Kf6+ 61. Kb8 1-0

[Event "16. Obert Internacional Sant Martí 2014"]
[Site "Barcelona ESP"]
[Date "2014.07.19"]
[Round "7.28"]
[White "Mokal, Amruta Sunil"]
[Black "Gemy, Jose Daniel"]
[Result "0-1"]
[WhiteElo "2046"]
[BlackElo "2330"]
[PlyCount "106"]
[EventDate "2014.07.13"]
[EventType "swiss"]
[EventRounds "9"]
[EventCountry "ESP"]
[Source "lmi"]
[SourceDate "2014.07.13"]

1. e4 e5 2. Nf3 Nc6 3. d4 exd4 4. Nxd4 Bc5 5. Nb3 Bb4+ 6. Bd2 Qe7 7. Qe2 a5 8.
a3 Bxd2+ 9. N3xd2 Nf6 10. Nc3 O-O 11. O-O-O d6 12. f3 Nd4 13. Qe3 Ne6 14. g4 c6
15. Nc4 Rd8 16. g5 Nh5 17. Nb6 Rb8 18. Rg1 Nef4 19. h4 d5 20. Qd4 Be6 21. exd5
Bxd5 22. Ncxd5 Nxd5 23. Nxd5 Rxd5 24. Qf2 Rxd1+ 25. Kxd1 Qe5 26. Kc1 Nf4 27.
Qd2 Re8 28. Bd3 g6 29. Be4 Ne6 30. Kb1 Rd8 31. Qe3 Qf4 32. Qb6 Qe5 33. Qe3 Qd4
34. Qxd4 Rxd4 35. Kc1 Nc5 36. Re1 Nxe4 37. fxe4 Kg7 38. Re3 h6 39. c3 Rd8 40.
e5 hxg5 41. hxg5 Kf8 42. Kc2 Ke7 43. Kb3 Rd5 44. c4 Rd4 45. e6 fxe6 46. Re5 b6
47. c5 b5 48. Kc3 Rd5 49. Rxd5 exd5 50. b4 a4 51. Kd3 Ke6 52. Ke3 Kf5 53. Kd4
Kf4 0-1

[Event "16. Obert Internacional Sant Martí 2014"]
[Site "Barcelona ESP"]
[Date "2014.07.19"]
[Round "7.29"]
[White "Gurevich, Daniel"]
[Black "Inouss, Badr"]
[Result "1-0"]
[WhiteElo "2317"]
[BlackElo "2008"]
[PlyCount "81"]
[EventDate "2014.07.13"]
[EventType "swiss"]
[EventRounds "9"]
[EventCountry "ESP"]
[Source "lmi"]
[SourceDate "2014.07.13"]

1. e4 c5 2. Nf3 d6 3. d4 cxd4 4. Nxd4 Nf6 5. Nc3 a6 6. h3 e5 7. Nde2 h5 8. Bg5
Be6 9. Bxf6 Qxf6 10. Nd5 Qd8 11. Nec3 Nd7 12. Bc4 Rc8 13. Qe2 b5 14. Bb3 Nc5
15. O-O Qg5 16. Kh1 Rh6 17. f4 Qh4 18. f5 Bxd5 19. Bxd5 Be7 20. Rf3 Kf8 21. b4
Nd7 22. a4 Nf6 23. Bb7 Rc4 24. axb5 d5 25. bxa6 Nxe4 26. Nxd5 Ng5 27. a7 Rd6
28. a8=Q+ Rd8 29. Qxe5 Nxf3 30. Qxe7+ Qxe7 31. Nxe7 Rxa8 32. Rxa8+ Kxe7 33.
Bxf3 Rxc2 34. Bxh5 Kf6 35. Bg4 Rb2 36. Rb8 Kg5 37. Kh2 g6 38. Rb5 f6 39. fxg6+
Kxg6 40. Rb8 f5 41. Rb6+ 1-0

[Event "16. Obert Internacional Sant Martí 2014"]
[Site "Barcelona ESP"]
[Date "2014.07.19"]
[Round "7.30"]
[White "Ventura Bolet, Maxim"]
[Black "Piasetski, Leon"]
[Result "1/2-1/2"]
[WhiteElo "2044"]
[BlackElo "2297"]
[PlyCount "42"]
[EventDate "2014.07.13"]
[EventType "swiss"]
[EventRounds "9"]
[EventCountry "ESP"]
[Source "lmi"]
[SourceDate "2014.07.13"]

1. Nf3 e6 2. g3 b5 3. Bg2 Bb7 4. O-O Nf6 5. d4 d5 6. b3 b4 7. c4 bxc3 8. Nxc3
Be7 9. Bf4 O-O 10. Rc1 Na6 11. Na4 Rc8 12. Qd3 c5 13. Nxc5 Nxc5 14. dxc5 Bxc5
15. Qb5 Qb6 16. Qxb6 axb6 17. Ne5 Ba3 18. Rxc8 Rxc8 19. Nc4 Bc5 20. Rc1 Ba6 21.
Ne5 Kf8 1/2-1/2

[Event "16. Obert Internacional Sant Martí 2014"]
[Site "Barcelona ESP"]
[Date "2014.07.19"]
[Round "7.31"]
[White "Persson, Andreas"]
[Black "Magallanes, Gustavo"]
[Result "1-0"]
[WhiteElo "2249"]
[BlackElo "1969"]
[PlyCount "107"]
[EventDate "2014.07.13"]
[EventType "swiss"]
[EventRounds "9"]
[EventCountry "ESP"]
[Source "lmi"]
[SourceDate "2014.07.13"]

1. d4 Nf6 2. c4 c5 3. d5 b5 4. cxb5 a6 5. bxa6 Bxa6 6. Nc3 g6 7. e4 Bxf1 8.
Kxf1 d6 9. Nf3 Bg7 10. g3 O-O 11. Kg2 Nbd7 12. a4 Nb6 13. Qc2 Ne8 14. Re1 Nc7
15. b3 Na6 16. Bb2 Nb4 17. Qe2 e6 18. Rad1 e5 19. Ba3 Na6 20. Nd2 f5 21. Nc4 h5
22. exf5 gxf5 23. Qxh5 Nxc4 24. bxc4 Nb4 25. Bc1 e4 26. Bg5 Qd7 27. Qg6 Nc2 28.
Re2 Nd4 29. Rb2 Kh8 30. Rdb1 Ra7 31. Rb8 Qf7 32. Qxf7 Raxf7 33. Bf4 Nf3 34.
Bxd6 Rxb8 35. Rxb8+ Kh7 36. Ne2 Ra7 37. Bxc5 Rxa4 38. Rb7 Kg8 39. d6 Bf6 40.
Bb4 Ra2 41. Ng1 Ne5 42. d7 e3 43. Nh3 Ng4 44. Rb8+ Kh7 45. d8=Q Bxd8 46. Rxd8
exf2 47. Bc5 f1=Q+ 48. Kxf1 Nxh2+ 49. Ke1 Rc2 50. Rd7+ Kg8 51. Ng5 Rxc4 52. Bd4
Kf8 53. Bf6 Rc8 54. Ne6+ 1-0

[Event "16. Obert Internacional Sant Martí 2014"]
[Site "Barcelona ESP"]
[Date "2014.07.19"]
[Round "7.32"]
[White "Sonis, Francesco"]
[Black "Porras Mateo, Felipe"]
[Result "0-1"]
[WhiteElo "2029"]
[BlackElo "2243"]
[PlyCount "48"]
[EventDate "2014.07.13"]
[EventType "swiss"]
[EventRounds "9"]
[EventCountry "ESP"]
[Source "lmi"]
[SourceDate "2014.07.13"]

1. d4 d5 2. c4 Nc6 3. Nc3 dxc4 4. Nf3 e6 5. e3 Nf6 6. Bxc4 Bb4 7. O-O O-O 8.
Qe2 Na5 9. Bd3 c5 10. Rd1 cxd4 11. exd4 b6 12. Bg5 Bb7 13. Ne4 Be7 14. Bxf6
Bxf6 15. Ne5 Be7 16. Bc2 Rc8 17. Rac1 Qd5 18. f3 Rfd8 19. Qd3 f5 20. Nc3 Qd6
21. a3 Bg5 22. Nb5 Qxe5 23. dxe5 Rxd3 24. Rxd3 Bxc1 0-1

[Event "16. Obert Internacional Sant Martí 2014"]
[Site "Barcelona ESP"]
[Date "2014.07.19"]
[Round "7.33"]
[White "Moreno Perez, Norberto"]
[Black "Dalo, Hermes"]
[Result "0-1"]
[WhiteElo "1962"]
[BlackElo "2226"]
[PlyCount "100"]
[EventDate "2014.07.13"]
[EventType "swiss"]
[EventRounds "9"]
[EventCountry "ESP"]
[Source "lmi"]
[SourceDate "2014.07.13"]

1. e4 c5 2. Bc4 e6 3. d3 a6 4. c3 Qc7 5. Nf3 b5 6. Bb3 Bb7 7. Qe2 d6 8. Bf4 Nd7
9. O-O Ngf6 10. Nbd2 Be7 11. Rac1 h6 12. h3 O-O 13. Nh2 Kh7 14. Bg3 Qb6 15. Kh1
g6 16. Bh4 Qd8 17. f4 Nxe4 18. Nxe4 Bxh4 19. Nxd6 Bc6 20. Ne4 Nf6 21. Nxf6+
Bxf6 22. Qe3 Qd6 23. Ng4 Bg7 24. Ne5 Bb7 25. Qg3 g5 26. d4 cxd4 27. Qd3+ f5 28.
Qxd4 Rad8 29. Qa7 Qc7 30. Qf2 gxf4 31. Nf3 e5 32. Nh4 Be4 33. Qe2 Qe7 34. Nf3
Bd3 35. Qf2 Bxf1 36. Rxf1 e4 37. Nh2 Be5 38. Qe2 f3 39. gxf3 Bxh2 40. Kxh2 Qd6+
41. Kg2 Qd2 42. Qf2 e3 43. Qxd2 Rxd2+ 44. Kg3 f4+ 45. Kh4 Rf2 46. Rg1 e2 47.
Re1 Re8 48. Bc2+ Kh8 49. Be4 Rd8 50. Bc2 Rd2 0-1

[Event "16. Obert Internacional Sant Martí 2014"]
[Site "Barcelona ESP"]
[Date "2014.07.19"]
[Round "7.34"]
[White "Saiz Rodrigo, Fernando"]
[Black "Dave, Dhyani"]
[Result "1-0"]
[WhiteElo "1917"]
[BlackElo "2201"]
[PlyCount "63"]
[EventDate "2014.07.13"]
[EventType "swiss"]
[EventRounds "9"]
[EventCountry "ESP"]
[Source "lmi"]
[SourceDate "2014.07.13"]

1. e4 c5 2. Nc3 a6 3. a4 Nc6 4. f4 e6 5. Bc4 Nge7 6. d3 d5 7. Ba2 Rb8 8. Nf3 b5
9. axb5 axb5 10. O-O Nb4 11. Bb1 g6 12. Qe1 Bg7 13. f5 exf5 14. exd5 Nbxd5 15.
Nxd5 Qxd5 16. Ba2 c4 17. Bg5 Rb7 18. dxc4 bxc4 19. Qh4 Qc5+ 20. Kh1 Be6 21.
Rfe1 O-O 22. Bh6 Rd8 23. Bxg7 Kxg7 24. Rxe6 fxe6 25. Ng5 Qc6 26. Qxh7+ Kf6 27.
Qh4 Kg7 28. Bxc4 Rd6 29. h3 Nd5 30. Ra8 Kf6 31. Nf3+ g5 32. Qxg5+ 1-0

[Event "16. Obert Internacional Sant Martí 2014"]
[Site "Barcelona ESP"]
[Date "2014.07.19"]
[Round "7.35"]
[White "Pozanco Romasanta, Marc"]
[Black "Sanchez Lopez, Juan Manuel"]
[Result "1/2-1/2"]
[WhiteElo "2088"]
[BlackElo "2141"]
[PlyCount "61"]
[EventDate "2014.07.13"]
[EventType "swiss"]
[EventRounds "9"]
[EventCountry "ESP"]
[Source "lmi"]
[SourceDate "2014.07.13"]

1. d4 d5 2. c4 e6 3. Nc3 f5 4. g3 Nf6 5. Bg2 c6 6. Nf3 Bd6 7. Bf4 O-O 8. O-O
Qe7 9. Qc2 Nbd7 10. c5 Bb8 11. Bxb8 Rxb8 12. Qa4 a6 13. Rad1 e5 14. Nxe5 Nxe5
15. dxe5 Qxe5 16. Qd4 Qe7 17. e3 Ne4 18. Na4 Bd7 19. f3 Nf6 20. Nc3 Rbe8 21.
Rfe1 Bc8 22. b4 Qe5 23. a4 Re7 24. Qxe5 Rxe5 25. Rd4 Rfe8 26. Kf2 g5 27. Nd1 a5
28. Nb2 axb4 29. Nd3 R5e7 30. Rxb4 Kg7 31. h4 1/2-1/2

[Event "16. Obert Internacional Sant Martí 2014"]
[Site "Barcelona ESP"]
[Date "2014.07.19"]
[Round "7.36"]
[White "Andersen, Alf R"]
[Black "Hapala, Elisabeth"]
[Result "1-0"]
[WhiteElo "2214"]
[BlackElo "2068"]
[PlyCount "109"]
[EventDate "2014.07.13"]
[EventType "swiss"]
[EventRounds "9"]
[EventCountry "ESP"]
[Source "lmi"]
[SourceDate "2014.07.13"]

1. e4 e5 2. Nf3 Nc6 3. d4 exd4 4. Nxd4 Nf6 5. Nxc6 bxc6 6. e5 Qe7 7. Qe2 Nd5 8.
c4 Ba6 9. g3 g6 10. b3 Bg7 11. Bb2 O-O-O 12. Bg2 Rhe8 13. O-O Bxe5 14. Qxe5
Qxe5 15. Bxe5 Rxe5 16. cxd5 Bxf1 17. Kxf1 cxd5 18. Nc3 c6 19. Rd1 Rde8 20. Bf3
a5 21. h4 h5 22. Ne2 Kc7 23. Nf4 Ra8 24. Rd4 Rae8 25. Rd1 Ra8 26. Nd3 Re7 27.
Rc1 Kb6 28. Rc2 Rae8 29. Kg2 Ra8 30. Nc5 Rae8 31. Na4+ Kb7 32. Nc5+ Kb6 33. Nd3
Ra8 34. Kf1 Rae8 35. Be2 Kc7 36. f3 Rh8 37. Kf2 Re6 38. Nf4 Re5 39. Nd3 Re6 40.
f4 Rhe8 41. Ne5 R6e7 42. Bf3 Kb7 43. Nd3 f5 44. Ne5 Re6 45. Nxd7 Rd6 46. Ne5
Kb6 47. Ke3 c5 48. Kd3 Ra8 49. Kc3 Kb5 50. a4+ Kb6 51. Rd2 Rc8 52. Nc4+ Kc7 53.
Nxd6 Kxd6 54. Rxd5+ Ke6 55. Kc4 1-0

[Event "16. Obert Internacional Sant Martí 2014"]
[Site "Barcelona ESP"]
[Date "2014.07.19"]
[Round "7.37"]
[White "Benet Morant, Damia"]
[Black "Lasinskas, Povilas"]
[Result "1/2-1/2"]
[WhiteElo "2048"]
[BlackElo "2212"]
[PlyCount "120"]
[EventDate "2014.07.13"]
[EventType "swiss"]
[EventRounds "9"]
[EventCountry "ESP"]
[Source "lmi"]
[SourceDate "2014.07.13"]

1. d4 Nf6 2. c4 g6 3. g3 Bg7 4. Bg2 d5 5. cxd5 Nxd5 6. Nf3 O-O 7. O-O Nc6 8.
Nc3 Nb6 9. e3 e5 10. d5 Nb4 11. e4 c6 12. a3 Na6 13. Bg5 f6 14. Be3 Nc4 15. Bc1
cxd5 16. Nxd5 Be6 17. Qb3 Nb6 18. Rd1 Nc7 19. Be3 Nbxd5 20. Qxb7 Rb8 21. Qxa7
Rxb2 22. exd5 Nxd5 23. Qa6 Qc8 24. Qxc8 Rxc8 25. Bc1 Rbc2 26. Ne1 R2c5 27. Nd3
R5c7 28. Nb4 Nc3 29. Re1 Ne2+ 30. Rxe2 Rxc1+ 31. Re1 Rxa1 32. Rxa1 e4 33. Bxe4
f5 34. Bd5 Bxd5 35. Nxd5 Bxa1 36. Ne7+ Kf7 37. Nxc8 Bd4 38. Nd6+ Ke6 39. Nb5
Bb2 40. a4 Kd5 41. a5 Kc6 42. a6 Kb6 43. a7 Kb7 44. Kg2 Bf6 45. Kf3 Be7 46. h3
Bc5 47. Ke2 Bxa7 48. Nxa7 Kxa7 49. Ke3 Kb6 50. Kd4 Kc6 51. Ke5 Kc5 52. Kf6 Kd4
53. Kg7 Ke4 54. Kxh7 Kf3 55. Kxg6 Kxf2 56. h4 Kxg3 57. h5 f4 58. h6 f3 59. h7
f2 60. h8=Q f1=Q 1/2-1/2

[Event "16. Obert Internacional Sant Martí 2014"]
[Site "Barcelona ESP"]
[Date "2014.07.19"]
[Round "7.38"]
[White "Marchador Villalba, Jordi"]
[Black "Capellades Subirana, Marc"]
[Result "0-1"]
[WhiteElo "2025"]
[BlackElo "2211"]
[PlyCount "92"]
[EventDate "2014.07.13"]
[EventType "swiss"]
[EventRounds "9"]
[EventCountry "ESP"]
[Source "lmi"]
[SourceDate "2014.07.13"]

1. d4 Nf6 2. Bg5 c6 3. Nf3 Ne4 4. Bc1 d5 5. Nbd2 Nd7 6. Nxe4 dxe4 7. Nd2 Nf6 8.
e3 Qa5 9. c3 Qg5 10. g3 h5 11. h4 Qg6 12. Nc4 Ng4 13. Be2 Be6 14. Bxg4 Bxc4 15.
Be2 Bxe2 16. Qxe2 e6 17. Bd2 Be7 18. c4 Qg4 19. Bc3 O-O-O 20. Qxg4 hxg4 21. Ke2
Rh5 22. Rhd1 Bf6 23. b4 b6 24. Rac1 Kb7 25. a4 Rf5 26. Rd2 Rh5 27. c5 Rhh8 28.
Rdc2 bxc5 29. dxc5 Bxc3 30. Rxc3 Rd5 31. Rc4 f5 32. Rd4 Kc7 33. Rxd5 cxd5 34.
Kd2 e5 35. Kc3 Kc6 36. b5+ Kc7 37. Rd1 Rd8 38. h5 Kb7 39. c6+ Kc7 40. Kb4 d4
41. exd4 Rxd4+ 42. Rxd4 exd4 43. Kc4 f4 44. gxf4 e3 45. Kd3 exf2 46. Ke2 g3 0-1

[Event "16. Obert Internacional Sant Martí 2014"]
[Site "Barcelona ESP"]
[Date "2014.07.19"]
[Round "7.39"]
[White "Asensio Linan, Teodoro"]
[Black "Krotiuk, Daria"]
[Result "1/2-1/2"]
[WhiteElo "2189"]
[BlackElo "1924"]
[PlyCount "128"]
[EventDate "2014.07.13"]
[EventType "swiss"]
[EventRounds "9"]
[EventCountry "ESP"]
[Source "lmi"]
[SourceDate "2014.07.13"]

1. d4 Nf6 2. Bg5 Ne4 3. Bh4 d5 4. Nd2 Nxd2 5. Qxd2 Nd7 6. e3 g6 7. Bd3 Bg7 8.
Ne2 b6 9. a4 Bb7 10. f4 c5 11. c3 Qc7 12. f5 Nf6 13. dxc5 bxc5 14. Bb5+ Bc6 15.
Bxf6 Bxf6 16. Qxd5 Rc8 17. Qxc6+ Qxc6 18. Bxc6+ Rxc6 19. O-O O-O 20. fxg6 hxg6
21. Nf4 Bg5 22. Rad1 Rb8 23. Rf2 Ra6 24. Ra1 Rab6 25. Ra2 Rd6 26. Re2 e5 27.
Nh3 Bh6 28. g4 f6 29. Kg2 Kf7 30. Kf3 Ke6 31. a5 Rd1 32. Nf2 Rd5 33. Ra4 f5 34.
e4 fxe4+ 35. Nxe4 Bc1 36. Ra1 Bf4 37. c4 Rd3+ 38. Kg2 Rc8 39. Rf1 Kd7 40. Nf6+
Kd6 41. h4 Rh8 42. h5 gxh5 43. Nxh5 Rg8 44. Nf6 Rg6 45. Ne4+ Kc6 46. Rh1 Rxg4+
47. Kf2 Rg7 48. Rh8 Rdd7 49. Rc8+ Rc7 50. Re8 Rce7 51. Rxe7 Rxe7 52. Kf3 Rd7
53. Rg2 Rd3+ 54. Kf2 Rd4 55. Rg6+ Kc7 56. Rg7+ Kb8 57. Nxc5 Rxc4 58. Na6+ Ka8
59. b4 e4 60. b5 Rc2+ 61. Ke1 Rc1+ 62. Ke2 Rc2+ 63. Ke1 Rc1+ 64. Ke2 Rc2+
1/2-1/2

[Event "16. Obert Internacional Sant Martí 2014"]
[Site "Barcelona ESP"]
[Date "2014.07.19"]
[Round "7.40"]
[White "Masferrer Niubo, Enric"]
[Black "Newrkla, Katharina"]
[Result "1/2-1/2"]
[WhiteElo "1996"]
[BlackElo "2167"]
[PlyCount "93"]
[EventDate "2014.07.13"]
[EventType "swiss"]
[EventRounds "9"]
[EventCountry "ESP"]
[Source "lmi"]
[SourceDate "2014.07.13"]

1. e4 c5 2. Nc3 Nc6 3. g3 g6 4. Bg2 Bg7 5. d3 d6 6. Be3 Rb8 7. Nge2 Nd4 8. O-O
e6 9. Nc1 b5 10. Qd2 b4 11. Nd1 Ne7 12. c3 bxc3 13. bxc3 Ndc6 14. d4 cxd4 15.
cxd4 O-O 16. Nb3 Ba6 17. Re1 Qd7 18. Nc3 Bc4 19. Rab1 Rfc8 20. Bf1 Bxf1 21.
Rxf1 Rb4 22. Ne2 Rcb8 23. Qc2 R4b7 24. a3 a5 25. Nd2 Rc8 26. Qd3 d5 27. Rxb7
Qxb7 28. Rb1 Qa7 29. e5 Rb8 30. Rxb8+ Qxb8 31. Qb3 Qxb3 32. Nxb3 Nf5 33. Kf1
Nxe3+ 34. fxe3 Bf8 35. a4 g5 36. g4 Bb4 37. Nec1 Kg7 38. Nd3 Ba3 39. Ndc5 Bb4
40. Ke2 Kf8 41. Kd3 Ke7 42. e4 Bxc5 43. Nxc5 Nb4+ 44. Kc3 f6 45. exf6+ Kxf6 46.
e5+ Ke7 47. Nb3 1/2-1/2